000 00578nam a22001817a 4500
005 20260211102348.0
008 260211b |||||||| |||| 00| 0 eng d
020 _a978-621-406-323-9
082 _aFil. 641.5 L177 2022
100 _aLago, Elpedia M.
_9225
245 _aIntroduction to culinary arts /
_cElpedia M. Marte-Lago, Xenia Zioneka P. Aquino Pauig
260 _aManila:
_bMindshapers,
_cc2022
300 _ax, 361p.:
_bill.
504 _aIncludes bibliographies
541 _e7890 c.1, 7891 c.2
650 _aCooking
_98
700 _aPauig, Xenia Zioneka A.
_eauthor
_9226
999 _c2508
_d2508